Statistiken für KFZ-Kennzeichen Deutschland ALLE

Klicken Sie hier um das Quiz zu spielen!

Allgemein

  • Dieses Quiz wurde 233 mal gespielt
    (175 seit der letzten Aktualisierung)
  • Das Durchschnittsergebnis liegt bei 167 aus 700

Antwortstatistiken

AbkürzungBundeslandStadt oder Landkreis% Korrekt
ABayernAugsburg
86%
ACNordrhein-WestfalenAachen
83%
BBerlin
83%
NBayernNürnberg
71%
FHessenFrankfurt am Main
70%
MUCBayernMünchen (Stadt)
70%
MBayernMünchen (Stadt und Landkreis)
70%
DDSachsenDresden
67%
DNordrhein-WestfalenDüsseldorf
65%
ENordrhein-WestfalenEssen
65%
SBaden-WürttembergStuttgart
65%
BINordrhein-WestfalenBielefeld
64%
HHHansestadt Hamburg
64%
FGSachsenFreiberg/Sachsen
62%
FRBaden-WürttembergFreiburg im Breisgau
62%
HNiedersachsenHannover
62%
LSachsenLeipzig
62%
AABaden-WürttembergAalen
61%
DONordrhein-WestfalenDortmund
61%
HBHansestadt Bremen
61%
KNordrhein-WestfalenKöln
61%
PBrandenburgPotsdam
61%
REGBayernRegen
61%
CSachsenChemnitz
59%
EFThüringenErfurt
59%
JThüringenJena
59%
KISchleswig-HolsteinKiel
59%
RBayernRegensburg
59%
BayernWürzburg
58%
ABBayernAschaffenburg
57%
BONordrhein-WestfalenBochum
57%
SBSaarlandSaarbrücken
57%
ULBaden-WürttembergUlm
57%
BADBaden-WürttembergBaden-Baden
55%
BNNordrhein-WestfalenBonn
55%
GThüringenGera
55%
HEISchleswig-HolsteinHeide
55%
BRBBrandenburgBrandenburg an der Havel
54%
DAHessenDarmstadt
54%
KABaden-WürttembergKarlsruhe
54%
KORheinland-PfalzKoblenz
54%
MZRheinland-PfalzMainz
54%
CUXNiedersachsenCuxhaven
52%
FLSchleswig-HolsteinFlensburg
52%
INBayernIngolstadt
52%
LEVNordrhein-WestfalenLeverkusen
52%
LGNiedersachsenLüneburg
52%
MABaden-WürttembergMannheim
52%
BABayernBamberg
51%
ERBayernErlangen
51%
BayernFürth
51%
GENordrhein-WestfalenGelsenkirchen
51%
NiedersachsenGöttingen
51%
HAMNordrhein-WestfalenHamm
51%
MSNordrhein-WestfalenMünster
51%
EMSRheinland-PfalzBad Ems
49%
CENiedersachsenCelle
49%
DUNordrhein-WestfalenDuisburg
49%
HINiedersachsenHildesheim
49%
KSHessenKassel
49%
MDSachsen-AnhaltMagdeburg
49%
OLNiedersachsenOldenburg
49%
SINordrhein-WestfalenSiegen
49%
WOBNiedersachsenWolfsburg
49%
WNordrhein-WestfalenWuppertal
49%
ZSachsenZwickau
49%
BSNiedersachsenBraunschweig
48%
COBayernCoburg
48%
GIHessenGießen
48%
HALSachsen-AnhaltHalle (Saale)
48%
PABayernPassau
48%
WIHessenWiesbaden
48%
CBBrandenburgCottbus
46%
EMDNiedersachsenEmden
46%
MGNordrhein-WestfalenMönchengladbach
46%
OSNiedersachsenOsnabrück
46%
PBNordrhein-WestfalenPaderborn
46%
AMBayernAmberg
45%
BTBayernBayreuth
45%
ROSMecklenburg-Vorpommernehemaliger Landkreis Rostock
45%
HROMecklenburg-VorpommernHansestadt Rostock
45%
GLNordrhein-WestfalenBergisch Gladbach
43%
BOTNordrhein-WestfalenBottrop
43%
DAHBayernDachau
43%
FÜSBayernFüssen
43%
HLSchleswig-HolsteinHansestadt Lübeck
43%
HDBaden-WürttembergHeidelberg
43%
HDHBaden-WürttembergHeidenheim an der Brenz
43%
OBNordrhein-WestfalenOberhausen
43%
OFHessenOffenbach am Main
43%
AURNiedersachsenAurich
42%
CWBaden-WürttembergCalw
42%
CHABayernCham
42%
FDHessenFulda
42%
GTNordrhein-WestfalenGütersloh
42%
HANordrhein-WestfalenHagen
42%
HERNordrhein-WestfalenHerne
42%
HOBayernHof
42%
KRNordrhein-WestfalenKrefeld
42%
MRHessenMarburg
42%
FFBrandenburgFrankfurt (Oder)
41%
HOMSaarlandHomburg
41%
RÜGMecklenburg-VorpommernLandkreis Rügen
41%
PFBaden-WürttembergPforzheim
41%
RVBaden-WürttembergRavensburg
41%
TRRheinland-PfalzTrier
41%
Baden-WürttembergTübingen
41%
ANBayernAnsbach
39%
BBBaden-WürttembergBöblingen
39%
EAThüringenEisenach
39%
SNMecklenburg-VorpommernSchwerin
39%
TUTBaden-WürttembergTuttlingen
39%
VECNiedersachsenVechta
39%
ZELRheinland-PfalzZell (Mosel)
39%
BITRheinland-PfalzBitburg
38%
ERZSachsenErzgebirgskreis
38%
HNBaden-WürttembergHeilbronn
38%
Baden-WürttembergLörrach
38%
RTBaden-WürttembergReutlingen
38%
WITNordrhein-WestfalenWitten
38%
AHNordrhein-WestfalenAhaus
36%
AUSachsenAue-Bad Schlema
36%
TÖLBayernBad Tölz
36%
CLPNiedersachsenCloppenburg
36%
DEGBayernDeggendorf
36%
GTHThüringenGotha
36%
HMNiedersachsenHameln
36%
IZSchleswig-HolsteinItzehoe
36%
KLRheinland-PfalzKaiserslautern
36%
LIPNordrhein-WestfalenKreis Lippe
36%
KYFThüringenKyffhäuserkreis
36%
LABayernLandshut
36%
MINordrhein-WestfalenMinden
36%
NENordrhein-WestfalenNeuss
36%
PSRheinland-PfalzPirmasens
36%
SGNordrhein-WestfalenSolingen
36%
UNNordrhein-WestfalenUnna
36%
VSachsenVogtlandkreis
36%
BZSachsenBautzen
35%
ESBaden-WürttembergEsslingen am Neckar
35%
FFBBayernFürstenfeldbruck
35%
HVLBrandenburgHavelland
35%
KLENordrhein-WestfalenKleve
35%
KNBaden-WürttembergKonstanz
35%
MTKHessenMain-Taunus-Kreis
35%
ROBayernRosenheim
35%
RWBaden-WürttembergRottweil
35%
WORheinland-PfalzWorms
35%
AICBayernAichach
33%
DESachsen-AnhaltDessau-Roßlau
33%
GGHessenGroß-Gerau
33%
KEBayernKempten (Allgäu)
33%
GWMecklenburg-VorpommernLandkreis Greifswald
33%
LERNiedersachsenLeer (Ostfriesland)
33%
LIBayernLindau (Bodensee)
33%
LPNordrhein-WestfalenLippstadt
33%
LURheinland-PfalzLudwigshafen am Rhein
33%
MMBayernMemmingen
33%
MHNordrhein-WestfalenMülheim an der Ruhr
33%
PISchleswig-HolsteinPinneberg
33%
PIRSachsenPirna
33%
RENordrhein-WestfalenRecklinghausen
33%
SWBayernSchweinfurt
33%
STDNiedersachsenStade
33%
ANASachsenAnnaberg-Buchholz
32%
EDBayernErding
32%
EUNordrhein-WestfalenEuskirchen
32%
GAPBayernGarmisch-Partenkirchen
32%
GPBaden-WürttembergGöppingen
32%
HXNordrhein-WestfalenHöxter
32%
JÜLNordrhein-WestfalenJülich
32%
MÜRMecklenburg-VorpommernLandkreis Müritz
32%
LROMecklenburg-VorpommernLandkreis Rostock
32%
WISMecklenburg-VorpommernLandkreis Wismar
32%
LBBaden-WürttembergLudwigsburg
32%
MEISachsenMeißen
32%
NUBayernNeu-Ulm
32%
PLSachsenPlauen
32%
QLBSachsen-AnhaltQuedlinburg
32%
SLSSaarlandSaarlouis
32%
SHABaden-WürttembergSchwäbisch Hall
32%
UENiedersachsenUelzen
32%
VSBaden-WürttembergVillingen-Schwenningen
32%
ABGThüringenAltenburg
30%
BayernAltötting
30%
AP | APDThüringenApolda
30%
BTFSachsen-AnhaltBitterfeld-Wolfen
30%
COENordrhein-WestfalenCoesfeld
30%
CRBaden-WürttembergCrailsheim
30%
DELNiedersachsenDelmenhorst
30%
DNNordrhein-WestfalenDüren
30%
ECKSchleswig-HolsteinEckernförde
30%
GRSachsenGörlitz
30%
HUHessenHanau
30%
LEOBaden-WürttembergLeonberg
30%
LÜNNordrhein-WestfalenLünen
30%
MENordrhein-WestfalenMettmann
30%
PLÖSchleswig-HolsteinPlön
30%
RABaden-WürttembergRastatt
30%
ZISachsenZittau
30%
BCBaden-WürttembergBiberach an der Riß
29%
COCRheinland-PfalzCochem
29%
EMBaden-WürttembergEmmendingen
29%
FSBayernFreising
29%
FDBBayernFriedberg
29%
HSKNordrhein-WestfalenHochsauerlandkreis
29%
KELBaden-WürttembergKehl
29%
KUBayernKulmbach
29%
NFSchleswig-HolsteinLandkreis Nordfriesland
29%
NMSSchleswig-HolsteinNeumünster
29%
OGBaden-WürttembergOffenburg
29%
OENordrhein-WestfalenOlpe
29%
PENiedersachsenPeine
29%
RSNordrhein-WestfalenRemscheid
29%
RHBayernRoth
29%
SIGBaden-WürttembergSigmaringen
29%
SONordrhein-WestfalenSoest
29%
SPRheinland-PfalzSpeyer
29%
STABayernStarnberg
29%
TBBBaden-WürttembergTauberbischofsheim
29%
TSBayernTraunstein
29%
VIENordrhein-WestfalenViersen
29%
WHVNiedersachsenWilhelmshaven
29%
AZRheinland-PfalzAlzey
28%
BGDBayernBerchtesgaden
28%
BRGSachsen-AnhaltBurg (bei Magdeburg)
28%
CASNordrhein-WestfalenCastrop-Rauxel
28%
EIBayernEichstätt
28%
ELNiedersachsenEmsland
28%
GFNiedersachsenGifhorn
28%
OALBayernLandkreis Ostallgäu
28%
MONordrhein-WestfalenMoers
28%
SZNiedersachsenSalzgitter
28%
SRBayernStraubing
28%
VERNiedersachsenVerden (Aller)
28%
VKSaarlandVölklingen
28%
WESNordrhein-WestfalenWesel
28%
WZHessenWetzlar
28%
ZWRheinland-PfalzZweibrücken
28%
AIBBayernBad Aibling
26%
KGBayernBad Kissingen
26%
SESchleswig-HolsteinBad Segeberg
26%
DINNordrhein-WestfalenDinslaken
26%
FOBayernForchheim
26%
FNBaden-WürttembergFriedrichshafen
26%
GSNiedersachsenGoslar
26%
ILLBayernIllertissen
26%
AWRheinland-PfalzLandkreis Ahrweiler
26%
FRINiedersachsenLandkreis Friesland
26%
LWLMecklenburg-VorpommernLudwigslust
26%
MYRheinland-PfalzMayen
26%
NKSaarlandNeunkirchen
26%
PAFBayernPfaffenhofen an der Ilm
26%
SLSchleswig-HolsteinSchleswig
26%
SUNordrhein-WestfalenSiegburg
26%
SHLThüringenSuhl
26%
WRNMecklenburg-VorpommernWaren (Müritz)
26%
WEThüringenWeimar
26%
WWRheinland-PfalzWesterwaldkreis
26%
ANKMecklenburg-VorpommernAnklam
25%
DANNiedersachsenDannenberg (Elbe)
25%
DLGBayernDillingen an der Donau
25%
DGFBayernDingolfing
25%
EBEBayernEbersberg
25%
GMNordrhein-WestfalenGummersbach
25%
GZBayernGünzburg
25%
HWIMecklenburg-VorpommernHansestadt Wismar
25%
KFBayernKaufbeuren
25%
MYKRheinland-PfalzLandkreis Mayen-Koblenz
25%
OABayernLandkreis Oberallgäu
25%
LAUBayernLauf an der Pegnitz
25%
WBSachsen-AnhaltLutherstadt Wittenberg
25%
MZGSaarlandMerzig
25%
NMBSachsen-AnhaltNaumburg (Saale)
25%
NDHThüringenNordhausen
25%
GDBaden-WürttembergSchwäbisch Gmünd
25%
ALZBayernAlzenau
23%
ARNThüringenArnstadt
23%
BINRheinland-PfalzBingen am Rhein
23%
DAURheinland-PfalzDaun
23%
FDSBaden-WürttembergFreudenstadt
23%
GRZThüringenGreiz
23%
ILThüringenIlmenau
23%
JLSachsen-AnhaltJerichower Land
23%
KÖTSachsen-AnhaltKöthen (Anhalt)
23%
LRBaden-WürttembergLahr/Schwarzwald
23%
MSPBayernLandkreis Main-Spessart
23%
OHVBrandenburgLandkreis Oberhavel
23%
EILSachsen-AnhaltLutherstadt Eisleben
23%
NBMecklenburg-VorpommernNeubrandenburg
23%
PCHMecklenburg-VorpommernParchim
23%
RZSchleswig-HolsteinRatzeburg
23%
RDSchleswig-HolsteinRendsburg
23%
RÜDHessenRüdesheim am Rhein
23%
STNordrhein-WestfalenSteinfurt
23%
ÜBBaden-WürttembergÜberlingen
23%
VAIBaden-WürttembergVaihingen an der Enz
23%
WANNordrhein-WestfalenWanne-Eickel
23%
WATNordrhein-WestfalenWattenscheid
23%
WMBayernWeilheim
23%
ODSchleswig-HolsteinBad Oldesloe
22%
BOHNordrhein-WestfalenBocholt
22%
BORNordrhein-WestfalenBorken
22%
DHNiedersachsenDiepholz
22%
ENNordrhein-WestfalenEnnepe
22%
FEUBayernFeuchtwangen
22%
GLANordrhein-WestfalenGladbeck
22%
GRMSachsenGrimma
22%
HKNiedersachsenHeidekreis
22%
HPHessenHeppenheim an der Bergstraße
22%
HFNordrhein-WestfalenHerford
22%
KEHBayernKelheim
22%
KCBayernKronach
22%
LDRheinland-PfalzLandau in der Pfalz
22%
ABISachsen-AnhaltLandkreis Anhalt-Bitterfeld
22%
LMHessenLimburg an der Lahn
22%
MKKHessenMain-Kinzig-Kreis
22%
NOHNiedersachsenNordhorn
22%
NTBaden-WürttembergNürtingen
22%
ÖHRBaden-WürttembergÖhringen
22%
PEGBayernPegnitz
22%
RPRheinland-PfalzRhein-Pfalz-Kreis
22%
SADBayernSchwandorf
22%
SDLSachsen-AnhaltStendal
22%
IGBSaarlandSt. Ingbert
22%
TIRBayernTirschenreuth
22%
TGSachsenTorgau
22%
VBHessenVogelsbergkreis
22%
WFNiedersachsenWolfenbüttel
22%
WUNBayernWunsiedel
22%
ALFNiedersachsenAlfeld (Leine)
20%
ASLSachsen-AnhaltAschersleben
20%
DBRMecklenburg-VorpommernBad Doberan
20%
BLBaden-WürttembergBalingen
20%
BMNordrhein-WestfalenBergheim
20%
DILHessenDillenburg
20%
DONBayernDonauwörth
20%
DUDNiedersachsenDuderstadt
20%
GERRheinland-PfalzGermersheim
20%
HBSSachsen-AnhaltHalberstadt
20%
HYSachsenHoyerswerda
20%
KTBayernKitzingen
20%
KUSRheinland-PfalzKusel
20%
LDKHessenLahn-Dill-Kreis
20%
BARBrandenburgLandkreis Barnim
20%
HZSachsen-AnhaltLandkreis Harz
20%
NWMMecklenburg-VorpommernLandkreis Nordwestmecklenburg
20%
OHSchleswig-HolsteinLandkreis Ostholstein
20%
TFBrandenburgLandkreis Teltow-Fläming
20%
LLBayernLandsberg am Lech
20%
LIFBayernLichtenfels
20%
MKNordrhein-WestfalenMärkischer Kreis
20%
NINiedersachsenNienburg/Weser
20%
OCSachsen-AnhaltOschersleben (Bode)
20%
RIESachsenRiesa
20%
ROTBayernRothenburg ob der Tauber
20%
SLFThüringenSaalfeld (Saale)
20%
SMThüringenSchmalkalden
20%
SÖMThüringenSömmerda
20%
WNBaden-WürttembergWaiblingen
20%
WAFNordrhein-WestfalenWarendorf
20%
AKRheinland-PfalzAltenkirchen (Westerwald)
19%
BKBaden-WürttembergBacknang
19%
BGLBayernBerchtesgadener Land
19%
EBSachsenEilenburg
19%
GVNordrhein-WestfalenGrevenbroich
19%
Mecklenburg-VorpommernGüstrow
19%
HGWMecklenburg-VorpommernHansestadt Greifswald
19%
HSTMecklenburg-VorpommernHansestadt Stralsund
19%
HSNordrhein-WestfalenHeinsberg
19%
HENiedersachsenHelmstedt
19%
KIBRheinland-PfalzKirchheimbolanden
19%
KBHessenKorbach
19%
KÜNBaden-WürttembergKünzelsau
19%
Sachsen-AnhaltLandkreis Börde
19%
MSEMecklenburg-VorpommernLandkreis Mecklenburgische Seenplatte
19%
PRBrandenburgLandkreis Prignitz
19%
SÜWRheinland-PfalzLandkreis Südliche Weinstraße
19%
UMBrandenburgLandkreis Uckermark
19%
LÖBSachsenLöbau
19%
MBBayernMiesbach
19%
MILBayernMiltenberg
19%
MOSBaden-WürttembergMosbach
19%
MHLThüringenMühlhausen/Thüringen
19%
NMBayernNeumarkt in der Oberpfalz
19%
NPBrandenburgNeuruppin
19%
NORNiedersachsenNorden
19%
NOMNiedersachsenNortheim
19%
QFTSachsen-AnhaltQuerfurt
19%
ROWNiedersachsenRotenburg (Wümme)
19%
SELBayernSelb
19%
SIMRheinland-PfalzSimmern (Hunsrück)
19%
SONThüringenSonneberg
19%
HGHessenBad Homburg vor der Höhe
17%
MGHBaden-WürttembergBad Mergentheim
17%
BOGBayernBogen
17%
BRANiedersachsenBrake
17%
BRVNiedersachsenBremervörde
17%
BÜRNordrhein-WestfalenBüren
17%
DZSachsenDelitzsch
17%
DIZRheinland-PfalzDiez
17%
EWBrandenburgEberswalde
17%
EHBrandenburgEisenhüttenstadt
17%
ERBHessenErbach
17%
ERKNordrhein-WestfalenErkelenz
17%
ESWHessenEschwege
17%
FRGBayernFreyung
17%
HASBayernHaßfurt
17%
EICThüringenLandkreis Eichsfeld
17%
EEBrandenburgLandkreis Elbe-Elster
17%
OVPMecklenburg-VorpommernLandkreis Ostvorpommern
17%
PMBrandenburgLandkreis Potsdam-Mittelmark
17%
OHZNiedersachsenOsterholz-Scharmbeck
17%
RUThüringenRudolstadt
17%
SKSachsen-AnhaltSaalekreis
17%
SCBayernSchwabach
17%
WNDSaarlandSt. Wendel
17%
SULBayernSulzbach-Rosenberg
17%
TTBaden-WürttembergTettnang
17%
WRSachsen-AnhaltWernigerode
17%
WTMNiedersachsenWittmund
17%
ZESachsen-AnhaltZerbst/Anhalt
17%
BLBNordrhein-WestfalenBad Berleburg
16%
HEFHessenBad Hersfeld
16%
KHRheinland-PfalzBad Kreuznach
16%
BIRRheinland-PfalzBirkenfeld
16%
BÜDHessenBüdingen
16%
CLZNiedersachsenClausthal-Zellerfeld
16%
DIHessenDieburg
16%
FORBrandenburgForst (Lausitz)
16%
FBHessenFriedberg (Hessen)
16%
KMSachsenKamenz
16%
ERHBayernLandkreis Erlangen-Höchstadt
16%
VGMecklenburg-VorpommernLandkreis Vorpommern-Greifswald
16%
VRMecklenburg-VorpommernLandkreis Vorpommern-Rügen
16%
MGNThüringenMeiningen
16%
NEWBayernNeustadt an der Waldnaab
16%
NWRheinland-PfalzNeustadt an der Weinstraße
16%
OCHBayernOchsenfurt
16%
OZSachsenOschatz
16%
PANBayernPfarrkirchen
16%
PRÜRheinland-PfalzPrüm
16%
SLKSachsen-AnhaltSalzlandkreis
16%
VIBBayernVilsbiburg
16%
WAKThüringenWartburgkreis
16%
WENBayernWeiden in der Oberpfalz
16%
WSTNiedersachsenWesterstede
16%
WLNiedersachsenWinsen (Luhe)
16%
WURSachsenWurzen
16%
ZZSachsen-AnhaltZeitz
16%
SÄKBaden-WürttembergBad Säckingen
14%
BENordrhein-WestfalenBeckum
14%
BKSRheinland-PfalzBernkastel-Kues
14%
EBNBayernEbern
14%
EGBayernEggenfelden
14%
EINNiedersachsenEinbeck
14%
GELNordrhein-WestfalenGeldern
14%
GNHessenGelnhausen
14%
GCSachsenGlauchau
14%
HBNThüringenHildburghausen
14%
HIPBayernHilpoltstein
14%
HÖSBayernHöchstadt an der Aisch
14%
HOLNiedersachsenHolzminden
14%
HRHessenHomberg (Efze)
14%
IKThüringenIlm-Kreis
14%
JESachsen-AnhaltJessen (Elster)
14%
ASBayernLandkreis Amberg-Sulzbach
14%
NVPMecklenburg-VorpommernLandkreis Nordvorpommern
14%
BayernMühldorf am Inn
14%
MÜBBayernMünchberg
14%
NAUBrandenburgNauen
14%
NDBayernNeuburg an der Donau
14%
NEABayernNeustadt an der Aisch
14%
BayernNördlingen
14%
OHANiedersachsenOsterode am Harz
14%
RINiedersachsenRinteln
14%
SOKThüringenSaale-Orla-Kreis
14%
SAWSachsen-AnhaltSalzwedel
14%
SYNiedersachsenSyke
14%
WSFSachsen-AnhaltWeißenfels
14%
WILRheinland-PfalzWittlich
14%
ANGBrandenburgAngermünde
13%
AESachsenAuerbach/Vogtland
13%
BIWSachsenBischofswerda
13%
BHBaden-WürttembergBühl
13%
DKBBayernDinkelsbühl
13%
DLSachsenDöbeln
13%
FLÖSachsenFlöha
13%
FKBHessenFrankenberg (Eder)
13%
FTRheinland-PfalzFrankenthal (Pfalz)
13%
FTLSachsenFreital
13%
FZHessenFritzlar
13%
FWBrandenburgFürstenwalde/Spree
13%
GKNordrhein-WestfalenGeilenkirchen
13%
HGNMecklenburg-VorpommernHagenow
13%
HORBaden-WürttembergHorb am Neckar
13%
MERSachsen-AnhaltMerseburg
13%
MONNordrhein-WestfalenMonschau
13%
NABBayernNabburg
13%
NZMecklenburg-VorpommernNeustrelitz
13%
NRRheinland-PfalzNeuwied am Rhein
13%
PWMecklenburg-VorpommernPasewalk
13%
SLENordrhein-WestfalenSchleiden
13%
SCZThüringenSchleiz
13%
SFBBrandenburgSenftenberg
13%
GOARheinland-PfalzSt. Goar
13%
TENordrhein-WestfalenTecklenburg
13%
TDOSachsenTorgau,Delitzsch,Oschatz
13%
WAHessenWaldeck
13%
WSBayernWasserburg am Inn
13%
WUGBayernWeißenburg in Bayern
13%
WIZHessenWitzenhausen
13%
ZRThüringenZeulenroda-Triebes
13%
SLZThüringenBad Salzungen
12%
BIDHessenBiedenkopf
12%
BKSachsen-AnhaltBördekreis
12%
BNASachsenBorna
12%
BRLNiedersachsenBraunlage
12%
BCHBaden-WürttembergBuchen
12%
BLKSachsen-AnhaltBurgenlandkreis
12%
CABrandenburgCalau
12%
DWSachsenDippoldiswalde
12%
FIBrandenburgFinsterwalde
12%
GRABayernGrafenau
12%
GUBBrandenburgGuben
12%
GUNBayernGunzenhausen
12%
HMÜNiedersachsenHann. Münden
12%
HCHBaden-WürttembergHechingen
12%
KKNordrhein-WestfalenKreis Kempen-Krefeld
12%
KRUBayernKrumbach (Schwaben)
12%
AZESachsen-AmhaltLandkreis Anhalt-Zerbst
12%
OPRBrandenburgLandkreis Ostprignitz-Ruppin
12%
SPNBrandenburgLandkreis Spree-Neiße
12%
LHNordrhein-WestfalenLüdinghausen
12%
MAKBayernMarktredwitz
12%
MÜLBaden-WürttembergMüllheim im Markgräferland
12%
REHBayernRehau
12%
RODBayernRoding
12%
SLÜHessenSchlüchtern
12%
SOGBayernSchongau
12%
SWAHessenSchwalbach am Taunus
12%
SPBBrandenburgSpremberg
12%
SHGNiedersachsenStadthagen
12%
USIHessenUsingen
12%
WTBaden-WürttembergWaldshut-Tiengen
12%
WELHessenWeilburg
12%
WORBayernWolfratshausen
12%
ZPSachsenZschopau
12%
ATMecklenburg-VorpommernAltentreptow
10%
DÜWRheinland-PfalzBad Dürkheim an der Weinstraße
10%
LSZThüringenBad Langensalza
10%
BERBrandenburgBernau bei Berlin
10%
BBGSachsen-AnhaltBernburg (Saale)
10%
BSBNiedersachsenBersenbrück
10%
BULBayernBurglengenfeld
10%
BÜZMecklenburg-VorpommernBützow
10%
DMMecklenburg-VorpommernDemmin
10%
GANNiedersachsenGandersheim
10%
GEOBayernGerolzhofen
10%
HCSachsenHainichen
10%
HABBayernHammelburg
10%
HIGThüringenHeilbad Heiligenstadt
10%
KWBrandenburgKönigs Wusterhausen
10%
LUPMecklenburg-VorpommernLandkreis Ludwigslust-Parchim
10%
TOSachsenLandkreis Torgau-Oschatz
10%
LFBayernLaufen
10%
LNBrandenburgLübben (Spreewald)
10%
MNBayernMindelheim
10%
NAIBayernNaila
10%
NHThüringenNeuhaus am Rennweg
10%
NYSachsenNiesky
10%
OPNordrhein-WestfalenOpladen
10%
OTWSaarlandOttweiler
10%
PZBrandenburgPrenzlau
10%
ROKRheinland-PfalzRockenhausen
10%
SHKThüringenSaale-Holzland-Kreis
10%
SABRheinland-PfalzSaarburg
10%
SZBSachsenSchwarzenberg/Erzgebirge
10%
SDTBrandenburgSchwedt/Oder
10%
STOBaden-WürttembergStockach
10%
TPBrandenburgTemplin
10%
UHThüringenUnstrut-Hainich-Kreis
10%
VOHBayernVohenstrauß
10%
ARTThüringenArtern/Unstrut
9%
FRWBrandenburgBad Freienwalde (Oder)
9%
LIBBrandenburgBad Liebenwerda
9%
STEBayernBad Staffelstein
9%
BEDSachsenBrand-Erbisdorf
9%
BÜSBaden-WürttembergBüsingen am Hochrhein
9%
EBSBayernEbermannstadt
9%
ESBBayernEschenbach in der Oberpfalz
9%
GASachsen-AnhaltGardelegen
9%
HEBBayernHersbruck
9%
HOGHessenHofgeismar
9%
HOTSachsenHohenstein-Enstthal
9%
KEMBayernKemnath
9%
KYBrandenburgKyritz
9%
MOLBrandenburgLandkreis Märkisch-Oderland
9%
LOSBrandenburgLandkreis Oder-Spree
9%
LBZMecklenburg-VorpommernLübz
9%
MAIBayernMainburg
9%
MEDSchleswig-HolsteinMeldorf
9%
MWSachsenMittweida
9%
MTLSachsenMuldentalkreis
9%
OBBBayernObernburg am Main
9%
OVIBayernOberviechtach
9%
OVLSachsenObervogtland
9%
OKSachsen-AnhaltOhrekreis
9%
RNBrandenburgRathenow
9%
RDGMecklenburg-VorpommernRibnitz-Damgarten
9%
SMÜBayernSchwabmünchen
9%
SFTSachsen-AnhaltStaßfurt
9%
SRBBrandenburgStrausberg
9%
UEMMecklenburg-VorpommernUeckermünde
9%
UFFBayernUffenheim
9%
WÜMBayernWaldmünchen
9%
WZLSachsen-AnhaltWanzleben-Börde
9%
WSWSachsenWeißwasser/Oberlausitz
9%
WKBrandenburgWittstock/Dosse
9%
WOLBaden-WürttembergWolfach
9%
WOHHessenWolfhagen
9%
WLGMecklenburg-VorpommernWolgast
9%
WBSThüringenWorbis
9%
ZIGHessenZiegenhain
9%
BRKBayernBad Brückenau
7%
GRIBayernBad Griesbach im Rottal
7%
KÖZBayernBad Kötzting
7%
NESBayernBad Neustadt an der Saale
7%
SLGBaden-WürttembergBad Saulgau
7%
BFNordrhein-WestfalenBurgsteinfurt
7%
EISThüringenEisenberg
7%
GHASachsenGeithain
7%
GHCSachsen-AnhaltGräfenhainichen
7%
HVSachsen-AnhaltHavelberg
7%
HETSachsen-AnhaltHettstedt
7%
HOHBayernHofheim in Unterfranken
7%
LANBayernLandau an der Isar
7%
ASZSachsenLandkreis Aue-Schwarzenberg
7%
LDSBrandenburgLandkreis Dahme-Spreewald
7%
MQSachsen-AnhaltLandkreis Merseburg-Querfurt
7%
WOSBayernLandkreis Wolfstein
7%
MLSachsen-AnhaltMansfelder Land
7%
MODBayernMarktoberdorf
7%
MEGHessenMelsungen
7%
NECBayernNeustadt bei Coburg
7%
PARBayernParsberg
7%
PNThüringenPößneck
7%
RCSachsenReichenbach im Vogtland
7%
RIDBayernRiedenburg
7%
RLSachsenRochlitz
7%
ROLBayernRottenburg an der Laaber
7%
SGHSachsen-AnhaltSangerhausen
7%
SOBBayernSchrobenhausen
7%
SEBSachsenSebnitz
7%
SEEBrandenburgSeelow
7%
GOHRheinland-PfalzSt. Goarshausen
7%
STLSachsenStollberg/Erzgebirge
7%
WDASachsenWerdau
7%
KÖNBayernBad Königshofen im Grabfeld
6%
LBSThüringenBad Lobenstein
6%
REIBayernBad Reichenhall
6%
BSKBrandenburgBeeskow
6%
GNTSachsen-AnhaltGenthin
6%
GMNMecklenburg-VorpommernGrimmen
6%
GRHSachsenGroßenhain
6%
HDLSachsen-AnhaltHaldensleben
6%
HHMSachsen-AnhaltHohenmölsen
6%
KLZSachsen-AnhaltKlötze
6%
OSLBrandenburgLandkreis Oberspreewald-Lausitz
6%
RGSachsenLandkreis Riesa-Großenhain
6%
UERMecklenburg-VorpommernLandkreis Uecker-Randow
6%
LCBrandenburgLuckau
6%
MCMecklenburg-VorpommernMalchin
6%
MALBayernMallersdorf-Pfaffenberg
6%
MABSachsenMarienberg
6%
METBayernMellrichstadt
6%
MEKSachsenMittlerer Erzgebirgskreis
6%
NENBayernNeunburg vorm Wald
6%
OBGSachsen-AnhaltOsterburg (Altmark)
6%
RMMecklenburg-VorpommernRöbel/Müritz
6%
RSLSachsen-AnhaltRoßlau (Elbe)
6%
ROFHessenRotenburg an der Fulda
6%
SEFBayernScheinfeld
6%
SLNThüringenSchmölln
6%
SBKSachsen-AnhaltSchönebeck (Elbe)
6%
SDHThüringenSondershausen
6%
SANBayernStadtsteinach
6%
TETMecklenburg-VorpommernTeterow
6%
WERBayernWertingen
6%
WMSSachsen-AnhaltWolmirstedt
6%
GDBMecklenburg-VorpommernGadebusch
4%
GVMMecklenburg-VorpommernGrevesmühlen
4%
MSHSachsen-AnhaltLandkreis Mansfeld-Südharz
4%
MSTMecklenburg-VorpommernLandkreis Mecklenburg-Strelitz
4%
NEBSachsen-AnhaltNebra/Unstrut
4%
NOLSachsenNiederschlesischer Oberlausitzkreis
4%
SROThüringenStadtroda
4%
STBMecklenburg-VorpommernSternberg
4%
SBGMecklenburg-VorpommernStrasburg (Uckermark)
4%

Verteilung der Resultate

Perzentil nach korrekt beantworteten Fragen

Anzahl Personen mit jedem Resultat

Ihre Resultats-Entwicklung

Sie haben dieses Quiz seit der letzten Aktualisierung nicht gespielt